Cuentos que hielan la sangre /

Guardado en:
Autor Principal: Cinetto, Liliana
Formato: Libro
Publicado: Buenos Aires : Pictus, 2011
Materias:
Etiquetas: Agregar Etiqueta
Sin Etiquetas, Sea el primero en etiquetar este registro!
LEADER 00825nam a22002175a 4500
001 CEM.cems013715
008 130507s2011##################000#0#####d
005 20241220113356.0
245 1 0 |a Cuentos que hielan la sangre /  |c Liliana Cinetto 
260 |a Buenos Aires :  |b Pictus,  |c 2011 
300 |a 104 p. 
505 0 |a La fiesta de todos los santos -- El Ankou -- El nombre -- La isla de los Prodigos -- Los gatos -- La puerta -- El Anaon -- El joven que dormía en la tumba -- Las monedas sobre la mesa 
020 |a 9789872438746 
100 1 |a Cinetto, Liliana 
082 0 4 |a A863.4 
653 |a Literatura 
653 |a Literatura argentina 
653 |a Literatura infantil 
653 |a Cuentos infantiles 
653 |a Colección ciencias de la educación 
859 |a CEMS  |b BIB. CEMS - 11 de abril  |h A863.4  |i C490-3  |k CE  |p 26470.12  |t Ej.2